Odd But True Facts XVI Quiz Stats

Quiz Updated Nov 7, 2017

Challenge
Share
Tweet
Score 0/25 Timer 06:00
3 Plays Today
% Correct
the Great Wall of China
96.4%
your finger tips
96.2%
Britain for a photocopy
96.1%
balance
94.7%
a Diet Coke
94.4%
its own brain
94.3%
43 computers
93.9%
a cavalry sword
93.4%
his tie in place
93.3%
fired at his genitals
93.1%
triplets
93%
cannabis
92.6%
food than whales
92.5%
% Correct
moose butchering
91.6%
Tom Brady
91.5%
the dinosaurs
91.3%
wear trousers
91.2%
warm your balls
90.2%
their siblings
88.3%
Walmart
86.9%
one dollar's worth of cocaine
85.9%
lived in India
83.6%
the birth of the universe
80.6%
120 playing cards
74.4%
shot dead after it escaped
68.5%

You're not logged in!

Compare scores with friends on all Sporcle quizzes.
Join for Free
OR
Log In

You Might Also Like...

Show Comments

Extras

Top Quizzes Today


Score Distribution

Your Account Isn't Verified!

In order to create a playlist on Sporcle, you need to verify the email address you used during registration. Go to your Sporcle Settings to finish the process.

Report this User

Report this user for behavior that violates our Community Guidelines.

Details: